1902 1496 1493 1195 1451 1959 1719 1542 1967 1473 1870 1250 1411 1258 1223 1011 1776 1474 1496 1391 1076 1172 1465 1085 1736 1972 1503 1909 1180 1266 1573 1527 1785 1619 1671 1229 1359 1543 1114 1255 1187 1457 1450 1605 1532 1033 1148 1455 1562 1214 1083 1980 1846 1266 1152 1811 1750 1029 1633 1830 1505 1271 1423 1587 1800 1217 1245 1325 1720 1050 1113 1211 1129 1062 1875 1927 1755 1034 1924 1162 1422 1605 1576 1759 1522 1168 1672 1498 1620 1563 1452 1875 1687 1384 1530 1333 1926 1621 1869 BCNSPRNW ULIB Ver.6.0+V

เปลี่ยนเป็นภาษาไทย

Change to English
 แสดงรายละเอียดบรรณานุกรม
  กลับหน้าหลัก

Brief Record : Get Marc (ISO 2709) : E-mail record : QR code < ปิดหน้าต่าง
LEADER : 00000nam 2200000uu 4500
001    13399113618
003     ULIB
008    111124s2552||||th 000 0 tha d
020    ^a9786119007178
090    ^aนว.^bก741ต 2552
100 0  ^aกุหลาบเพลิง
245 00 ^aตำนานรักข้ามภพ/^cกุหลาบเพลิง
250    ^aพิมพ์ครั้งที่ 1
260    ^aกรุงเทพฯ :^bภัทร์โญธิน อักษรศาสตร์,^c2552
300    ^a284 หน้า
710 1  ภัทร์โญธิน อักษรศาสตร์
945    ^p249^l0^i15936
995    ^aทศพร
999    ^aใช้งานได้ทุกระบบ
รายการนี้ยังไม่มีแท็ก
คุณยังไม่ได้ล็อกอิน คุณสามารถมีกิจกรรมร่วมกับเว็บไซต์ได้ แต่ต้องล็อกอินก่อน ::
  ล็อกอิน

รายการสื่อสารสนเทศ

ลำดับที่ ประเภท เลขเรียก/บาร์โค้ด สถานที่ สถานะ
1. นวนิยาย
นวนิยาย
นว. ก741ต 2552  
  Barcode: 15936
ห้องสมุดวิทยาเขตสวรรค์ประชารักษ์
►นวนิยาย
บนชั้น
  ขอยืม

BibComment


ยังไม่เคยถูกคอมเมนท์

คอมเมนท์ทรัพยากรรายการนี้
  คอมเมนท์: ตำนานรักข้ามภพ ก..


 Copyright 2026. Bcnsprnw @Library